[Event "LTU-ch sf"]
[Site "Vilnius"]
[Date "2008.02.15"]
[Round "1"]
[White "Narmontas, Tauras"]
[Black "Janulynas, Jonas"]
[Result "1-0"]
[WhiteElo "2230"]
[BlackElo "1823"]
[PlyCount "83"]
[EventDate "2008.02.15"]
[EventType "swiss"]
[EventRounds "9"]
[EventCountry "LTU"]
[SourceTitle "CBM 123 Extra"]
[Source "ChessBase"]
[SourceDate "2008.05.06"]
[SourceVersion "1"]
[SourceVersionDate "2008.05.06"]
[SourceQuality "1"]

1. e4 e5 2. Nf3 Nc6 3. Bb5 a6 4. Ba4 Nf6 5. 0-0 b5 6. Bb3 Bb7 7. Ng5 d5 8. exd5 Nd4 9. Re1 Bc5 10. Rxe5+ Kf8 11. c3 Nxb3 12. axb3 h6 13. Nh3 Bd6 14. Re1 Bxd5 15. d3 Qd7 16. c4 Bb7 17. Nc3 Qf5 18. f3 Kg8 19. Ne4 Bb4 20. Bd2 Bxd2 21. Qxd2 Kh7 22. Qc3 Nxe4 23. fxe4 Qd7 24. d4 Rhe8 25. d5 Re7 26. c5 c6 27. d6 Re6 28. Nf4 Rf6 29. Nh5 Rg6 30. Qxg7+ Rxg7 31. Nf6+ Kg6 32. Nxd7 f6 33. Nb6 Rd8 34. d7 Re7 35. Rad1 b4 36. Rd6 a5 37. Rf1 Rf7 38. e5 Ba6 39. Rfxf6+ Rxf6 40. Rxf6+ Kg7 41. Rxc6 Kf7 42. e6+ 1-0

[Event "LTU-ch U20"]
[Site "Vilnius"]
[Date "2008.01.30"]
[Round "5"]
[White "Narmontas, Tauras"]
[Black "Rudys, Mantas"]
[Result "1-0"]
[WhiteElo "2230"]
[BlackElo "1657"]
[PlyCount "101"]
[EventDate "2008.01.28"]
[EventType "swiss"]
[EventRounds "9"]
[EventCountry "LTU"]
[SourceTitle "CBM 122 Extra"]
[Source "ChessBase"]
[SourceDate "2008.03.04"]
[SourceVersion "1"]
[SourceVersionDate "2008.03.04"]
[SourceQuality "1"]

1. e4 c5 2. Nf3 Nc6 3. d4 cxd4 4. Nxd4 Nf6 5. Nc3 e5 6. Ndb5 d6 7. Bg5 a6 8. Na3 b5 9. Nd5 Be7 10. Bxf6 Bxf6 11. c3 Bg5 12. Nc2 0-0 13. a4 bxa4 14. Rxa4 a5 15. Bc4 Be6 16. Qd3 Ne7 17. 0-0 Kh8 18. Nce3 g6 19. f4 exf4 20. Nxf4 Qb6 21. Kh1 Bxf4 22. Rxf4 Qxb2 23. Qd4+ Kg8 24. h3 Nc6 25. Qd1 Ne5 26. Bxe6 fxe6 27. Rxf8+ Rxf8 28. Qxd6 Qc1+ 29. Kh2 Qxe3 30. Qxe5 Qf4+ 31. Qxf4 Rxf4 32. Kg3 e5 33. Rxa5 Rxe4 34. Kf3 Rc4 35. Ra3 Kg7 36. Ke3 Kf6 37. g3 Rc7 38. Ke4 Rd7 39. Ra6+ Kg7 40. Rc6 Re7 41. c4 Kf7 42. c5 Kg7 43. Rb6 Rc7 44. Kd5 e4 45. Re6 Rd7+ 46. Kc4 Rd3 47. c6 Rxg3 48. c7 Rg1 49. Rc6 Rc1+ 50. Kd5 Rd1+ 51. Kxe4 1-0

[Event "LTU-chT 0708"]
[Site "Lithuania"]
[Date "2008.01.06"]
[Round "5"]
[White "Narmontas, Tauras"]
[Black "Bandza, Algirdas S"]
[Result "1-0"]
[WhiteElo "2230"]
[BlackElo "2381"]
[PlyCount "113"]
[EventDate "2007.09.30"]
[EventType "team"]
[EventRounds "9"]
[EventCountry "LTU"]
[SourceTitle "EXT 2009"]
[Source "ChessBase"]
[SourceDate "2008.11.26"]
[SourceVersion "1"]
[SourceVersionDate "2008.11.26"]
[SourceQuality "1"]

1. e4 e5 2. Nf3 Nc6 3. Bb5 a6 4. Ba4 Nf6 5. 0-0 Be7 6. Re1 b5 7. Bb3 d6 8. c3 0-0 9. h3 Nb8 10. d4 Nbd7 11. Nbd2 Bb7 12. Bc2 Re8 13. Nf1 Bf8 14. Ng3 g6 15. a4 c5 16. d5 c4 17. Bg5 h6 18. Be3 Nc5 19. Qd2 h5 20. Bg5 Bg7 21. Bh6 Nfd7 22. Ra3 Nb6 23. axb5 axb5 24. Rea1 Nba4 25. R1a2 Bc8 26. Be3 Rb8 27. Qe2 Bd7 28. Nf1 Bf6 29. N1d2 Qc7 30. Qd1 Bg7 31. Ne1 Rb7 32. Qa1 Reb8 33. Qd1 b4 34. cxb4 Rxb4 35. Bxa4 Nxa4 36. Rxa4 Bxa4 37. Rxa4 Rxa4 38. Qxa4 Rxb2 39. Qxc4 Qxc4 40. Nxc4 Rb4 41. Nd2 Kf8 42. Nd3 Ra4 43. Kf1 Ke7 44. Nb2 Ra7 45. Nbc4 Kd7 46. Ke2 Bf6 47. Kd3 Bd8 48. Nb1 Ba5 49. Nxa5 Rxa5 50. f4 Ra2 51. fxe5 Rxg2 52. exd6 g5 53. e5 h4 54. Nc3 f6 55. exf6 Kxd6 56. Ne4+ Kd7 57. Bxg5 1-0

[Event "Krakow op 18th"]
[Site "Krakow"]
[Date "2007.12.28"]
[Round "2"]
[White "Narmontas, Tauras"]
[Black "Golichenko, Ilja"]
[Result "0-1"]
[WhiteElo "2255"]
[BlackElo "2369"]
[PlyCount "50"]
[EventDate "2007.12.27"]
[EventType "swiss"]
[EventRounds "9"]
[EventCountry "POL"]
[SourceTitle "CBM 122 Extra"]
[Source "ChessBase"]
[SourceDate "2008.03.04"]
[SourceVersion "1"]
[SourceVersionDate "2008.03.04"]
[SourceQuality "1"]

1. e4 c5 2. Nf3 d6 3. d4 cxd4 4. Qxd4 Nc6 5. Bb5 Bd7 6. Bxc6 Bxc6 7. c4 Nf6 8. Nc3 g6 9. b3 Bg7 10. Bb2 0-0 11. Nd5 Nh5 12. Qd2 Bxb2 13. Qxb2 e6 14. Nc3 Nf4 15. 0-0 f5 16. Rad1 fxe4 17. Nd4 Qg5 18. g3 Nh3+ 19. Kg2 Nxf2 20. Rxf2 e3+ 21. Rf3 Rxf3 22. Nxf3 Qf6 23. Qe2 Qxc3 24. Rd3 Qf6 25. Rxe3 Rf8 0-1